export_success — 

2011 - 2012 Metro Manila telephone directory government and business white pages.

Bibliographic Details
Format: Book
Published: Makati City: Directories Philippines Corporation (DPC), 2011.
Subjects:
LEADER 00647cam a2200157 7i4500
001 0000027377
005 20111215090000.0
090 0 0 |a PHIL 910.599   |b MET 
245 0 0 |a 2011 - 2012 Metro Manila telephone directory government and business white pages. 
260 0 0 |a Makati City:   |b Directories Philippines Corporation (DPC),   |c 2011. 
300 # # |a 489 p. 
650 0 0 |a Philippines --   |x Telephone directories --   |x White pages  
650 0 0 |a Business --   |x Telephone directories --   |z Philippines  
651 0 0 |a Philippines  
999 |a 000029433  |b Directories  |c Countries  |e Business Information Centre 
999 |a 0000029433  |b Directories  |c Countries  |e Business Information Centre